Mastering healthcare terminology (Record no. 83578)
[ view plain ]
| 000 -LEADER | |
|---|---|
| fixed length control field | 00825 a2200277 4500 |
| 003 - CONTROL NUMBER IDENTIFIER | |
| control field | CBULib |
| 005 - DATE AND TIME OF LATEST TRANSACTION | |
| control field | 20240110082625.0 |
| 008 - FIXED-LENGTH DATA ELEMENTS--GENERAL INFORMATION | |
| fixed length control field | 231208b |||||||| |||| 00| 0 eng d |
| 020 ## - INTERNATIONAL STANDARD BOOK NUMBER | |
| International Standard Book Number | 9780323596015 |
| 040 ## - CATALOGING SOURCE | |
| Language of cataloging | English |
| Transcribing agency | CBULib |
| Description conventions | rda |
| 041 ## - LANGUAGE CODE | |
| Language code of text/sound track or separate title | eng |
| 050 ## - LIBRARY OF CONGRESS CALL NUMBER | |
| Classification number | R 123 Shi |
| 100 1# - MAIN ENTRY--PERSONAL NAME | |
| Personal name | Shiland, Betsy J. |
| 9 (RLIN) | 1337 |
| 245 ## - TITLE STATEMENT | |
| Title | Mastering healthcare terminology |
| Statement of responsibility, etc | / by Betsy J. Shiland |
| 250 ## - EDITION STATEMENT | |
| Edition statement | Sixth edition |
| 260 ## - PUBLICATION, DISTRIBUTION, ETC. (IMPRINT) | |
| Name of publisher, distributor, etc | Elsevier, |
| Date of publication, distribution, etc | 2019 |
| Place of publication, distribution, etc | St. Louis : |
| 300 ## - PHYSICAL DESCRIPTION | |
| Extent | xx, 711 pages : colour illustrations |
| 336 ## - CONTENT TYPE | |
| Source | rdacontent |
| Content type term | Text | |
| Content type code | txt |
| 337 ## - MEDIA TYPE | |
| Source | rdamedia |
| Media type term | Unmediated | |
| Media type code | n |
| 338 ## - CARRIER TYPE | |
| Source | rdacarrier |
| Carrier type term | Volume |
| Carrier type code | nc |
| 504 ## - BIBLIOGRAPHY, ETC. NOTE | |
| Bibliography, etc | Includes an appendix and an index |
| 650 #0 - SUBJECT ADDED ENTRY--TOPICAL TERM | |
| 9 (RLIN) | 1158 |
| Topical term or geographic name as entry element | MEDICINE |
| 650 #0 - SUBJECT ADDED ENTRY--TOPICAL TERM | |
| 9 (RLIN) | 1311 |
| Topical term or geographic name as entry element | MEDICINE TERMINOLOGY |
| 650 #0 - SUBJECT ADDED ENTRY--TOPICAL TERM | |
| 9 (RLIN) | 1319 |
| Topical term or geographic name as entry element | PROBLEMS AND EXERCISES |
| 942 ## - ADDED ENTRY ELEMENTS (KOHA) | |
| Source of classification or shelving scheme | |
| Koha item type | MONOGRAPH |
| Withdrawn status | Lost status | Source of classification or shelving scheme | Damaged status | Not for loan | Collection code | Permanent Location | Current Location | Shelving location | Date acquired | Source of acquisition | Cost, normal purchase price | Full call number | Barcode | Date last seen | Copy number | Price effective from | Koha item type | Total Checkouts |
|---|---|---|---|---|---|---|---|---|---|---|---|---|---|---|---|---|---|---|
| Michael Chilufya Sata Collection | CBU-MICHAEL CHILUFYA SATA LIBRARY | CBU-MAIN LIBRARY, KITWE. | General Stacks | 12/08/2023 | Book Aid International | 36.75 | R 123 Shi | 905309 | 12/08/2023 | 1 | 12/08/2023 | MONOGRAPH | ||||||
| Michael Chilufya Sata Collection | CBU-MICHAEL CHILUFYA SATA LIBRARY | CBU-MAIN LIBRARY, KITWE. | General Stacks | 01/10/2024 | DON-BOOKAID | 36.75 | R 123 Shi | 905637 | 01/10/2024 | 2 | 01/10/2024 | MONOGRAPH | ||||||
| Medical Library Collection | CBU-SCHOOL OF MEDICINE LIBRARY, NDOLA. | CBU-MAIN LIBRARY, KITWE. | General Stacks | 01/10/2024 | DON-BOOKAID | 36.75 | R 123 Shi | 905636 | 01/10/2024 | 3 | 01/10/2024 | MONOGRAPH | ||||||
| Medical Library Collection | CBU-SCHOOL OF MEDICINE LIBRARY, NDOLA. | CBU-MAIN LIBRARY, KITWE. | General Stacks | 01/10/2024 | DON-BOOKAID | 36.75 | R 123 Shi | 905635 | 01/10/2024 | 4 | 01/10/2024 | MONOGRAPH | ||||||
| Main Library Open Access Collection | CBU-MAIN LIBRARY, KITWE. | CBU-MAIN LIBRARY, KITWE. | General Stacks | 01/10/2024 | DON-BOOKAID | 36.75 | R 123 Shi | 905634 | 01/10/2024 | 5 | 01/10/2024 | MONOGRAPH |